Statistiques concernant Êtes-vous rapide ? Test de rapidité 4 saisons

Cliquez ici pour prendre le quiz!

Statistiques générales

  • Ce quiz a été pris 369 fois
    (345 depuis la dernière actualisation)
  • Le résultat moyen est 6 sur 8

Statistiques - réponses

Saison% Correct
Printemps
96%
Été
90%
Hiver
77%
Automne
75%
Printemps
63%
Été
61%
Automne
51%
Hiver
50%

Distribution des résultats

Percentile par nombre de réponses

% des personnes avec chaque résultat

Votre développement - résultats

Vous n’avez pas pris ce quiz depuis la dernière actualisation